[Event "Bucaramanga Feria op 2nd"]
[Site "Bucaramanga"]
[Date "2013.09.21"]
[Round "3"]
[White "Herrera Perez, Martin Steven"]
[Black "Rico Hernandez, Edgar"]
[Result "1-0"]
[WhiteElo "2043"]
[BlackElo "1857"]
[PlyCount "51"]
[EventDate "2013.09.20"]
[EventType "swiss"]
[EventRounds "7"]
[EventCountry "COL"]
[SourceTitle "CBM 156 Extra"]
[Source "ChessBase"]
[SourceDate "2013.10.22"]
[SourceVersion "1"]
[SourceVersionDate "2013.10.22"]
[SourceQuality "1"]

1. e4 c6 2. d4 d5 3. Nd2 dxe4 4. Nxe4 Bf5 5. Ng3 Bg6 6. Bc4 e6 7. N1e2 Nf6 8. 0-0 Be7 9. f4 0-0 10. f5 exf5 11. Nxf5 Bxf5 12. Rxf5 Nbd7 13. Qf1 Bd6 14. h3 Qc7 15. c3 Nb6 16. Bd3 Nbd5 17. c4 Ne7 18. Rxf6 gxf6 19. Bh6 f5 20. Bxf8 Rxf8 21. Bxf5 Nxf5 22. Qxf5 Qe7 23. Rf1 Bb8 24. Nf4 Qe3+ 25. Kh1 Bd6 26. Qg5+ 1-0

[Event "Medellin Flores op 19th"]
[Site "Medellin"]
[Date "2013.08.06"]
[Round "6"]
[White "Herrera Perez, Martin Steven"]
[Black "Andrade Truyol, Geiner Jose"]
[Result "1-0"]
[WhiteElo "2020"]
[BlackElo "2027"]
[PlyCount "56"]
[EventDate "2013.08.03"]
[EventType "swiss"]
[EventRounds "9"]
[EventCountry "COL"]
[SourceTitle "CBM 155 Extra"]
[Source "ChessBase"]
[SourceDate "2013.08.26"]
[SourceVersion "1"]
[SourceVersionDate "2013.08.26"]
[SourceQuality "1"]

1. e4 e5 2. Nf3 f5 3. d3 d6 4. Nc3 Nf6 5. Be2 Be7 6. h3 0-0 7. exf5 Bxf5 8. g4 Be6 9. d4 Nfd7 10. d5 Bf7 11. Be3 c6 12. Qd2 Qa5 13. Rd1 Nf6 14. dxc6 bxc6 15. 0-0 Nbd7 16. g5 Nh5 17. b4 Qc7 18. b5 Rac8 19. Bd3 Be6 20. Be4 Bxh3 21. bxc6 Nf4 22. Nd5 Nxd5 23. Qxd5+ Kh8 24. cxd7 Qxd7 25. Nxe5 Qe8 26. Nf3 Qh5 27. Nh2 Bxf1 28. Nxf1 Bxg5 1-0

[Event "Medellin Flores op 19th"]
[Site "Medellin"]
[Date "2013.08.04"]
[Round "3"]
[White "Ruge, Edison"]
[Black "Herrera Perez, Martin Steven"]
[Result "1-0"]
[WhiteElo "2216"]
[BlackElo "2020"]
[PlyCount "85"]
[EventDate "2013.08.03"]
[EventType "swiss"]
[EventRounds "9"]
[EventCountry "COL"]
[SourceTitle "CBM 155 Extra"]
[Source "ChessBase"]
[SourceDate "2013.08.26"]
[SourceVersion "1"]
[SourceVersionDate "2013.08.26"]
[SourceQuality "1"]

1. e4 c5 2. Nc3 e6 3. f4 Nc6 4. Nf3 a6 5. d3 d6 6. g3 g6 7. Bg2 Bg7 8. 0-0 Nge7 9. Ne2 0-0 10. g4 f5 11. h3 Nd4 12. Ng3 Qc7 13. c3 Nxf3+ 14. Bxf3 Rb8 15. Qe2 Re8 16. Bd2 Bd7 17. Rae1 b5 18. h4 fxg4 19. Bxg4 d5 20. h5 c4 21. hxg6 hxg6 22. d4 dxe4 23. Nxe4 Nf5 24. Qh2 Kf7 25. Ng5+ Ke7 26. Bxf5 gxf5 27. Qh7 Kf6 28. Qh5 Bc6 29. Qh4 Kg6 30. Nxe6 Qd7 31. Qg5+ Kh7 32. Qxf5+ Kg8 33. Nxg7 Qxg7+ 34. Qg5 Qxg5+ 35. fxg5 Rxe1 36. Rxe1 Re8 37. Rxe8+ Bxe8 38. d5 Bf7 39. d6 Kf8 40. Kf2 Ke8 41. Bf4 Kd7 42. Ke3 a5 43. a3 1-0

[Event "COL-ch"]
[Site "Ibague"]
[Date "2013.07.02"]
[Round "3"]
[White "Herrera Perez, Martin Steven"]
[Black "Castro, Alexander"]
[Result "1-0"]
[WhiteElo "1974"]
[BlackElo "2142"]
[PlyCount "89"]
[EventDate "2013.07.01"]
[EventType "swiss"]
[EventRounds "11"]
[EventCountry "COL"]
[SourceTitle "EXT 2014"]
[Source "ChessBase"]
[SourceDate "2013.11.20"]
[SourceVersion "1"]
[SourceVersionDate "2013.11.20"]
[SourceQuality "1"]

1. e4 d6 2. d4 Nf6 3. f3 e5 4. dxe5 dxe5 5. Qxd8+ Kxd8 6. Bc4 Be6 7. Bxe6 fxe6 8. Be3 Nbd7 9. Nd2 Bc5 10. Bxc5 Nxc5 11. 0-0-0 Ke7 12. Nc4 Ncd7 13. Nh3 a5 14. Nf2 b5 15. Ne3 Ra6 16. Rd2 Rd6 17. Rhd1 Nb6 18. b3 Rhd8 19. Nd3 Nfd7 20. Ng4 h5 21. Ngxe5 Nxe5 22. Nxe5 Rxd2 23. Nc6+ Ke8 24. Rxd2 Rxd2 25. Kxd2 a4 26. Nd4 axb3 27. axb3 Kd7 28. Nxb5 g5 29. Ke3 e5 30. g3 c6 31. Na3 Ke6 32. Nc4 Nd7 33. f4 gxf4+ 34. gxf4 exf4+ 35. Kxf4 Nf6 36. h4 c5 37. e5 Ne8 38. Kg5 Ng7 39. Kg6 Nf5 40. Kxh5 Nd4 41. Kg6 Nxc2 42. h5 Nd4 43. h6 Nf5 44. h7 Ne7+ 45. Kh5 1-0

[Event "Santander UDI Cup"]
[Site "Santander"]
[Date "2013.06.02"]
[Round "6"]
[White "Herrera Perez, Martin Steven"]
[Black "Herazo, Adrian"]
[Result "1-0"]
[WhiteElo "1939"]
[BlackElo "1845"]
[PlyCount "77"]
[EventDate "2013.05.31"]
[EventType "swiss"]
[EventRounds "8"]
[EventCountry "COL"]
[SourceTitle "CBM 154 Extra"]
[Source "ChessBase"]
[SourceDate "2013.06.25"]
[SourceVersion "2"]
[SourceVersionDate "2013.06.25"]
[SourceQuality "1"]

1. e4 c5 2. Nf3 Nc6 3. d4 cxd4 4. Nxd4 e6 5. c4 Bc5 6. Nb3 Bb6 7. Be2 Nge7 8. Nc3 0-0 9. c5 Bc7 10. Nb5 Bb8 11. Nd6 Ng6 12. 0-0 b6 13. Nxc8 Qxc8 14. cxb6 axb6 15. f4 Qc7 16. Be3 Rd8 17. a3 Qb7 18. Qe1 d5 19. exd5 exd5 20. Qf2 Ba7 21. Bf3 Nce7 22. Nd4 Qd7 23. g3 Re8 24. Kg2 Rac8 25. Rfd1 b5 26. Nf5 Nxf5 27. Bxa7 Nge7 28. Bc5 Qe6 29. Rd2 Qg6 30. Kh1 Red8 31. Rad1 d4 32. Bxe7 Nxe7 33. Rxd4 Rxd4 34. Qxd4 h6 35. Qd7 Qf6 36. Re1 Qxb2 37. Qxe7 Rc2 38. Qe8+ Kh7 39. Be4+ 1-0

[Event "Santander UDI Cup"]
[Site "Santander"]
[Date "2013.05.31"]
[Round "2"]
[White "Herrera Perez, Martin Steven"]
[Black "Velez Rueda, Juan Diego"]
[Result "1-0"]
[WhiteElo "1939"]
[BlackElo "1664"]
[PlyCount "61"]
[EventDate "2013.05.31"]
[EventType "swiss"]
[EventRounds "8"]
[EventCountry "COL"]
[SourceTitle "CBM 154 Extra"]
[Source "ChessBase"]
[SourceDate "2013.06.25"]
[SourceVersion "2"]
[SourceVersionDate "2013.06.25"]
[SourceQuality "1"]

1. e4 c5 2. Nf3 d6 3. d4 cxd4 4. Nxd4 Nf6 5. f3 a6 6. c4 e5 7. Nc2 Nc6 8. Nc3 Be6 9. Be3 Be7 10. Qd2 Rc8 11. Rc1 0-0 12. Be2 Qc7 13. b3 Rfe8 14. 0-0 a5 15. Na3 Qd7 16. Nab5 Nb4 17. Na4 Bd8 18. a3 Nc6 19. Nxd6 Be7 20. Nxe8 Qxe8 21. Qb2 Rd8 22. Rfd1 Nh5 23. Rxd8 Bxd8 24. Nc5 Bb6 25. b4 Qe7 26. Qd2 Nf4 27. Bf1 h6 28. Kh1 g5 29. Rd1 Kg7 30. Nxe6+ Qxe6 31. Bxb6 1-0

[Event "Santander UDI Cup"]
[Site "Santander"]
[Date "2013.05.31"]
[Round "1"]
[White "Narvaez Max, Nayesly"]
[Black "Herrera Perez, Martin Steven"]
[Result "0-1"]
[WhiteElo "1544"]
[BlackElo "1939"]
[PlyCount "54"]
[EventDate "2013.05.31"]
[EventType "swiss"]
[EventRounds "8"]
[EventCountry "COL"]
[SourceTitle "CBM 154 Extra"]
[Source "ChessBase"]
[SourceDate "2013.06.25"]
[SourceVersion "2"]
[SourceVersionDate "2013.06.25"]
[SourceQuality "1"]

1. e4 c5 2. Nc3 a6 3. d3 b5 4. Be2 Bb7 5. Bf3 e6 6. Be3 Qc7 7. d4 cxd4 8. Bxd4 Nc6 9. Nge2 Nxd4 10. Nxd4 Nf6 11. 0-0 b4 12. Ncb5 axb5 13. Nxb5 Qe5 14. c4 bxc3 15. Nxc3 Bb4 16. Rc1 0-0 17. Re1 Bxc3 18. bxc3 Bc6 19. Re3 Rxa2 20. c4 Rb8 21. Qe1 Rbb2 22. c5 Rxf2 23. Kh1 Ng4 24. Bxg4 Rxg2 25. Qg3 Rxg3 26. hxg3 Qb2 27. Be2 Qxc1+ 0-1

[Event "San Cristobal Bolivar op 1st"]
[Site "San Cristobal"]
[Date "2012.09.27"]
[Round "4"]
[White "Herrera Perez, Martin Steven"]
[Black "Gonzalez Chirinos, Fidel Ernesto"]
[Result "0-1"]
[WhiteElo "1931"]
[BlackElo "2228"]
[PlyCount "96"]
[EventDate "2012.09.25"]
[EventType "swiss"]
[EventRounds "10"]
[EventCountry "VEN"]
[SourceTitle "EXT 2013"]
[Source "ChessBase"]
[SourceDate "2012.11.22"]
[SourceVersion "1"]
[SourceVersionDate "2012.11.22"]
[SourceQuality "1"]

1. e4 c5 2. Nf3 d6 3. d4 cxd4 4. Nxd4 Nf6 5. Nc3 a6 6. Bg5 e6 7. f4 Qb6 8. Nb3 Nbd7 9. Qf3 Be7 10. 0-0-0 h6 11. Bh4 g5 12. Bf2 Qc7 13. g3 b5 14. Bg2 Bb7 15. Qe2 b4 16. Nb1 Rg8 17. Bf3 a5 18. Rhe1 Ba6 19. Qd2 e5 20. fxg5 hxg5 21. Be3 Rc8 22. Qf2 a4 23. Na1 Bc4 24. a3 b3 25. Nc3 Qa5 26. Rd2 d5 27. Nxd5 Nxd5 28. exd5 Bxa3 29. Bd4 Bb4 30. c3 a3 31. cxb4 Qxb4 32. Kd1 Kd8 33. Bc3 Qa4 34. Bg4 Be2+ 35. Kxe2 Rxc3 36. bxc3 Qxg4+ 37. Qf3 Qc4+ 38. Qd3 Qg4+ 39. Kf2 Rh8 40. Kg1 e4 41. Rxe4 b2 42. Re1 Ne5 43. Qb5 Nf3+ 44. Kh1 Nxe1 45. Qb6+ Ke7 46. Qc7+ Kf6 47. Qb6+ Kg7 48. Nc2 Qe4+ 0-1